Sports Quiz

Random Sports or Baseball Quiz

MLB Franchise Top 10: Chicago White Sox Quiz Stats

 Plays Quiz not verified by Sporcle

Score 0/60 Timer 10:00
0 Plays Today
Hint Answer % Correct
HitsFrank Thomas
98%
Home RunsFrank Thomas
98%
HitsPaul Konerko
92.9%
Home RunsPaul Konerko
92.9%
WinsMark Buehrle
83.2%
StrikeoutsMark Buehrle
83.2%
Batting AverageShoeless Joe Jackson
81.5%
Batting AverageLuke Appling
81.1%
HitsLuke Appling
81.1%
HitsNellie Fox
78.5%
HitsHarold Baines
76.4%
Home RunsHarold Baines
76.4%
Home RunsCarlton Fisk
75.4%
HitsLuis Aparicio
74.4%
Home RunsJermaine Dye
71.4%
Home RunsRobin Ventura
70.4%
Batting AverageMagglio Ordonez
69%
Home RunsMagglio Ordonez
69%
Batting AverageEddie Collins
65.7%
HitsEddie Collins
65.7%
StrikeoutsChris Sale
64.3%
HitsMinnie Minoso
62%
WinsWilbur Wood
61.6%
StrikeoutsWilbur Wood
61.6%
WinsTed Lyons
58.9%
StrikeoutsTed Lyons
58.9%
ERAEddie Cicotte
57.6%
WinsEddie Cicotte
57.6%
ERAEd Walsh
55.9%
WinsEd Walsh
55.9%
Hint Answer % Correct
StrikeoutsEd Walsh
55.9%
HitsOzzie Guillen
54.5%
Home RunsCarlos Lee
53.9%
WinsBilly Pierce
53.5%
StrikeoutsBilly Pierce
53.5%
Home RunsJose Abreu
53.2%
Home RunsBill Melton
49.8%
WinsRed Faber
46.1%
StrikeoutsRed Faber
46.1%
ERAFrank Smith
41.1%
WinsFrank Smith
41.1%
HitsRay Schalk
35.7%
ERAHoyt Wilhelm
34.3%
StrikeoutsJohn Danks
30%
Batting AverageAl Simmons
28.6%
ERADoc White
26.6%
WinsDoc White
26.6%
StrikeoutsDoc White
26.6%
WinsJoe Horlen
25.6%
StrikeoutsGary Peters
25.6%
Batting AverageZeke Bonura
16.5%
Batting AverageBibb Falk
14.8%
Batting AverageCarl Reynolds
11.4%
ERANick Altrock
8.8%
ERAJim Scott
8.4%
Batting AverageTaffy Wright
8.1%
ERAReb Russell
7.7%
Batting AverageRip Radcliff
6.4%
ERAFrank Owen
6.1%
ERAJoe Benz
5.4%

You're not logged in!

Compare scores with friends on all Sporcle quizzes.
OR
Log In

Show Comments

Extras

Top Quizzes Today


Score Distribution

Your Account Isn't Verified!

In order to create a playlist on Sporcle, you need to verify the email address you used during registration. Go to your Sporcle Settings to finish the process.

Report this User

Report this user for behavior that violates our Community Guidelines.

Details: